| 000 | 01039cab a2200301 4500 | ||
|---|---|---|---|
| 001 | ABS51728 | ||
| 008 | 090401t1994 xxu||||| |||| 00| 0 eng d | ||
| 035 | _a(Sirsi) u42043 | ||
| 041 | _aeng | ||
| 245 | _aKemmis v Salisbury DC | ||
| 260 | _c1994 | ||
| 350 | _a0 | ||
| 490 |
_aRating & Valuation Reporter _v(1994) 34 RVR 172-184(13) |
||
| 520 | _aLT 3 May 1994. Concerned the basis of valuation of land compulsorily acquired, which included the site of a scheduled ancient monument, ornamental gardens requiring renovation, river frontage and fishing rights. There was also an issue of severance. | ||
| 650 | _aANCIENT MONUMENTS | ||
| 650 | _aCOMPENSATION | ||
| 650 |
_aCompulsory purchase _96228 |
||
| 650 | _aFISHING RIGHTS | ||
| 650 | _aORNAMENTAL GARDENS | ||
| 650 | _aPLANNING APPLICATIONS | ||
| 650 | _aSEVERANCE | ||
| 650 | _aTHE MOOT | ||
| 650 |
_aValuation _96273 |
||
| 690 | _aCOMPULSORY PURCHASE AND COMPENSATION-CASE LAW | ||
| 690 | _aRATING AND VALUATION-CASE LAW | ||
| 942 | _n0 | ||
| 948 | _c04/03/1997 | ||
| 999 |
_c27006 _d27006 |
||